[Event "Aktiv-Alliancen 2001"]
[Site "Taastrup"]
[Date "2001.01.20"]
[Round "2"]
[White "Madhy, Nezar"]
[Black "Carlsen, Tonny"]
[Result "1/2-1/2"]
[WhiteElo "1650"]
[BlackElo "1443"]
[PlyCount "46"]
[EventDate "2001.??.??"]

1. d4 Nf6 2. c4 e6 3. g3 c5 4. dxc5 Bxc5 5. Nf3 Nc6 6. Nc3 a6 7. Bg2 O-O 8. O-O
d5 9. cxd5 Nxd5 10. Nxd5 exd5 11. Qc2 Be7 12. Bf4 Be6 13. Rad1 Rc8 14. Qd2 Qd7
15. a3 Rfd8 16. Ne5 Nxe5 17. Bxe5 Bh3 18. Bd4 Bxg2 19. Kxg2 Qf5 20. Rc1 Rc4 21.
Rxc4 dxc4 22. e3 h5 23. Qc3 h4 1/2-1/2

[Event "Aktiv-Alliancen 2001"]
[Site "Taastrup"]
[Date "2001.01.20"]
[Round "2"]
[White "Foslund, Peter"]
[Black "Foslund, Kasper"]
[Result "1-0"]
[WhiteElo "1649"]
[BlackElo "1381"]
[PlyCount "109"]
[EventDate "2001.??.??"]

1. c4 e6 2. e3 d5 3. d4 b6 4. Nc3 Nf6 5. Nf3 Bb7 6. Bd2 c5 7. Rc1 dxc4 8. Bxc4
cxd4 9. Bb5+ Nbd7 10. exd4 a6 11. Bxd7+ Qxd7 12. Be3 Bb4 13. O-O O-O 14. a3 Bd6
15. Ne5 Qe7 16. Re1 Rac8 17. Bg5 h6 18. Bh4 g5 19. Bg3 Nd5 20. Nxd5 Bxd5 21.
Qh5 Kg7 22. Ng4 Bxg3 23. Qxh6+ Kg8 24. Nf6+ Qxf6 25. Qxf6 Bf4 26. Rxc8 Rxc8 27.
g3 Bc1 28. h4 gxh4 29. Qxh4 Bxb2 30. Rb1 Bxa3 31. Qg5+ Kf8 32. Qh6+ Ke7 33.
Qg5+ Kf8 34. Qe3 Be7 35. Rxb6 Ra8 36. Qh6+ Kg8 37. f4 Bf8 38. Qg5+ Bg7 39. f5
exf5 40. Rd6 Be4 41. Kf2 a5 42. Ke3 Bc2 43. Rd8+ Rxd8 44. Qxd8+ Kh7 45. Qxa5
Bh6+ 46. Kf2 Bg7 47. Qc5 Ba4 48. Qxf5+ Kg8 49. Qc8+ Kh7 50. Qc4 Be8 51. d5 Kg8
52. Kf3 Be5 53. Qc8 Kf8 54. Qc5+ Kg7 55. Qe7 1-0

[Event "Aktiv-Alliancen 2001"]
[Site "Taastrup"]
[Date "2001.01.20"]
[Round "2"]
[White "Thomsen, Viggo"]
[Black "Nikolaisen, Oluf"]
[Result "1/2-1/2"]
[WhiteElo "1537"]
[BlackElo "1311"]
[PlyCount "113"]
[EventDate "2001.??.??"]

1. d4 Nf6 2. Nf3 d5 3. Bf4 Nc6 4. h3 e6 5. e3 a6 6. a3 Bd6 7. Bxd6 Qxd6 8. c4
O-O 9. c5 Qe7 10. Bd3 Ne4 11. Nbd2 f5 12. Qe2 Bd7 13. Bc2 Rae8 14. Nxe4 fxe4
15. Nd2 e5 16. Nb3 Qf6 17. dxe5 Qxe5 18. O-O-O Na7 19. Rhf1 Bb5 20. Qd2 Bxf1
21. Rxf1 c6 22. Nd4 Qh2 23. f3 Nb5 24. Nxb5 axb5 25. f4 Qg3 26. Bd1 Rf6 27. Bg4
Ref8 28. Qf2 Qxf2 29. Rxf2 g6 30. h4 h5 31. Bh3 d4 32. exd4 Rxf4 33. Rxf4 Rxf4
34. Bc8 e3 35. Kd1 Rxd4+ 36. Ke2 Rd2+ 37. Kxe3 Rxb2 38. Bxb7 Rb3+ 39. Kd4 b4
40. Bxc6 Rxa3 41. Kc4 b3 42. Kc3 Ra5 43. Kxb3 Rxc5 44. Bf3 Kg7 45. g4 Re5 46.
Bd1 Re3+ 47. Kc2 Rh3 48. gxh5 Rxh4 49. hxg6 Kxg6 50. Kc3 Kf6 51. Bc2 Ke5 52.
Bb1 Kd5 53. Ba2+ Kc5 54. Kd3 Kd6 55. Bg8 Ke5 56. Ba2 Rf4 57. Ke3 1/2-1/2

[Event "Aktiv-Alliancen 2001"]
[Site "Taastrup"]
[Date "2001.01.20"]
[Round "2"]
[White "Nielsen, Richard Hjort"]
[Black "Holst, Thorsten"]
[Result "0-1"]
[WhiteElo "1453"]
[BlackElo "1535"]
[PlyCount "80"]
[EventDate "2001.??.??"]

1. e4 c5 2. Nf3 d6 3. Bc4 Nf6 4. Nc3 g6 5. Ng5 e6 6. d4 cxd4 7. Qxd4 Nc6 8. Bb5
Bg7 9. e5 Nd7 10. Qxd6 Bxe5 11. Qd3 O-O 12. Qh3 Nf6 13. Bxc6 bxc6 14. Nce4 h5
15. f4 Bxf4 16. Bxf4 e5 17. Qc3 Nxe4 18. Nxe4 exf4 19. Nf6+ Kh8 20. Nd7+ Kg8
21. Nxf8 Qh4+ 22. g3 fxg3 23. Qxg3 Qe4+ 24. Kd2 Qd5+ 25. Qd3 Qg2+ 26. Kc3 Bf5
27. Qd2 Qf3+ 28. Kc4 Qe4+ 29. Kc3 a5 30. a3 Qf3+ 31. Kc4 Qe4+ 32. Kc3 Qf3+ 33.
Kc4 Qe4+ 34. Kb3 a4+ 35. Ka2 Rxf8 36. Rac1 Be6+ 37. b3 Rb8 38. Rb1 axb3+ 39.
Ka1 b2+ 40. Rxb2 Qxh1+ 0-1

[Event "Aktiv-Alliancen 2001"]
[Site "Taastrup"]
[Date "2001.01.20"]
[Round "2"]
[White "Madsen, Ole Bang"]
[Black "Jensen, Jan Kargaard"]
[Result "0-1"]
[WhiteElo "1413"]
[BlackElo "1502"]
[PlyCount "64"]
[EventDate "2001.??.??"]

1. e4 e6 2. d4 d5 3. Nd2 Nc6 4. c3 e5 5. exd5 Qxd5 6. Qf3 Qxf3 7. Ngxf3 exd4 8.
cxd4 Nf6 9. a3 Be6 10. Bb5 Bd5 11. O-O O-O-O 12. Bxc6 Bxc6 13. b3 Ne4 14. Bb2
Nxd2 15. Nxd2 Be7 16. Rad1 Bf6 17. Nc4 Bd5 18. Rd3 Bxc4 19. bxc4 c5 20. Rfd1
Rd7 21. Ba1 cxd4 22. g3 Rhd8 23. Kg2 Kc7 24. f4 Kc6 25. Kf3 Kc5 26. Rc1 b6 27.
Bb2 Rd6 28. f5 Bg5 29. Rc2 Re8 30. h4 Re3+ 31. Rxe3 Bxe3 32. a4 Kb4 0-1

[Event "Aktiv-Alliancen 2001"]
[Site "Taastrup"]
[Date "2001.01.20"]
[Round "2"]
[White "Bekker Jensen, Dorte"]
[Black "Helleberg, Jorgen"]
[Result "1-0"]
[WhiteElo "1217"]
[BlackElo "1453"]
[PlyCount "119"]
[EventDate "2001.??.??"]

1. d4 d5 2. c4 e6 3. Nc3 Nf6 4. cxd5 exd5 5. Bg5 Be7 6. e3 O-O 7. Bd3 Nbd7 8.
Nf3 c6 9. O-O Re8 10. Qc2 Nf8 11. Rab1 a5 12. Rfc1 Ne4 13. Bxe7 Qxe7 14. a3 Bf5
15. b4 Nxc3 16. Qxc3 Bxd3 17. Qxd3 axb4 18. axb4 Rec8 19. Qb3 Rab8 20. h3 h6
21. Rc2 Ne6 22. Rbc1 Qd6 23. Nd2 Qd7 24. Nb1 Rc7 25. Nc3 b5 26. Kf1 Qd6 27. Kg1
Rbc8 28. Kh1 Kh8 29. Ne2 Qd7 30. Ng1 Ng5 31. Qb2 Ne4 32. Nf3 f6 33. Rg1 Qd6 34.
g4 Ra8 35. Ne1 Rca7 36. Nd3 Ng5 37. Rg2 Ra1+ 38. Rc1 Rxc1+ 39. Qxc1 Nxh3 40. f4
Qe6 41. Kh2 Qe4 42. Nc5 Qf3 43. Rg3 Qf2+ 44. Kxh3 Ra2 45. Qg1 Qxg1 46. Rxg1 Rb2
47. Nd3 Rb3 48. Rd1 Kh7 49. Kg3 Kg6 50. Kf3 Ra3 51. Nf2 Rb3 52. Nd3 Ra3 53. Rd2
Rb3 54. Ke2 Rb1 55. Rc2 Rh1 56. Rxc6 Ra1 57. Rc5 Ra2+ 58. Kf3 Ra3 59. Nf2 Rb3
60. Rxb5 1-0

[Event "Aktiv-Alliancen 2001"]
[Site "Taastrup"]
[Date "2001.01.20"]
[Round "3"]
[White "Lund, Silas"]
[Black "Petersen, Nils"]
[Result "1-0"]
[WhiteElo "2261"]
[BlackElo "2039"]
[PlyCount "67"]
[EventDate "2001.??.??"]

1. c4 e6 2. g3 d5 3. Bg2 Nf6 4. d4 Be7 5. Nf3 O-O 6. O-O Nbd7 7. Qc2 c6 8. Rd1
b6 9. b3 Bb7 10. Nc3 Rc8 11. e4 dxe4 12. Nxe4 Nxe4 13. Qxe4 Nf6 14. Qc2 Qc7 15.
Bf4 Bd6 16. Bxd6 Qxd6 17. c5 Qe7 18. b4 b5 19. Ne5 Nd5 20. a3 Rfd8 21. Rd2 Ra8
22. Be4 h6 23. Bh7+ Kf8 24. Bg6 f6 25. Nf7 Rd7 26. Re1 Kg8 27. f4 Qf8 28. Nd6
Rxd6 29. cxd6 Qxd6 30. Qc5 Qd7 31. Rde2 Ne7 32. Bb1 Kf7 33. Ba2 Nd5 34. f5 1-0

[Event "Aktiv-Alliancen 2001"]
[Site "Taastrup"]
[Date "2001.01.20"]
[Round "3"]
[White "Auchenberg, Per"]
[Black "Pallesen, Jacob"]
[Result "1/2-1/2"]
[WhiteElo "1834"]
[BlackElo "2108"]
[PlyCount "117"]
[EventDate "2001.??.??"]

1. Nf3 d6 2. d4 f5 3. g3 Nf6 4. Bg2 g6 5. c4 Bg7 6. O-O O-O 7. b4 c5 8. Qb3
cxd4 9. Nxd4 e5 10. Nc2 Nc6 11. Nc3 Be6 12. Bg5 h6 13. Bxf6 Bxf6 14. Rad1 Rc8
15. Bd5 Bxd5 16. Rxd5 a6 17. Rxd6 Qe7 18. c5+ Kh8 19. Nd5 Qg7 20. Nxf6 Rxf6 21.
Rfd1 Rcf8 22. Rd7 R8f7 23. Rxf7 Rxf7 24. Qe6 Re7 25. Qd6 Qf7 26. a4 Re6 27. Qd7
Re7 28. Qd5 Qxd5 29. Rxd5 e4 30. b5 axb5 31. axb5 Ne5 32. Nd4 Kg7 33. c6 bxc6
34. Nxc6 Nxc6 35. bxc6 Kf7 36. Rd6 Re6 37. Rd7+ Ke8 38. Rh7 Rxc6 39. Rxh6 Kf7
40. Rh7+ Kf6 41. e3 Rc2 42. h4 Ra2 43. Kg2 Rb2 44. Ra7 Rb6 45. Ra4 g5 46. hxg5+
Kxg5 47. Ra8 Rb2 48. Rh8 Ra2 49. Rh4 Kf6 50. Rf4 Ke5 51. Kh3 Ra8 52. Kh4 Rh8+
53. Kg5 Rg8+ 54. Kh6 Kf6 55. Kh7 Rg7+ 56. Kh8 Rg5 57. Kh7 Rg7+ 58. Kh8 Rg5 59.
Rh4 1/2-1/2

[Event "Aktiv-Alliancen 2001"]
[Site "Taastrup"]
[Date "2001.01.20"]
[Round "3"]
[White "Moller, Arne Vagn"]
[Black "Nielsen, John Holm"]
[Result "0-1"]
[WhiteElo "2026"]
[BlackElo "1947"]
[PlyCount "66"]
[EventDate "2001.??.??"]

1. e4 e5 2. Nf3 Nc6 3. Bb5 Nf6 4. O-O Nxe4 5. d4 Nd6 6. Bxc6 dxc6 7. Nxe5 Be6
8. c3 Be7 9. Na3 O-O 10. Nc2 Nf5 11. Ne3 c5 12. Nxf5 Bxf5 13. Qf3 Qc8 14. Re1
Bd6 15. Bf4 cxd4 16. cxd4 f6 17. Qb3+ Be6 18. d5 fxe5 19. Bxe5 Bf7 20. Qg3 Bxe5
21. Rxe5 Qd7 22. Rg5 Bxd5 23. h4 c6 24. h5 Rf5 25. h6 Rxg5 26. Qxg5 Re8 27. Rd1
Re6 28. Qf4 Rxh6 29. Rd4 Rf6 30. Qb8+ Rf8 31. Qxa7 Qf5 32. Rd1 Qg4 33. g3 Qxd1+
0-1

[Event "Aktiv-Alliancen 2001"]
[Site "Taastrup"]
[Date "2001.01.20"]
[Round "3"]
[White "Nielsen, Borge Hjerrild"]
[Black "Al Saad, Mofid"]
[Result "1-0"]
[WhiteElo "2125"]
[BlackElo "1515"]
[PlyCount "89"]
[EventDate "2001.??.??"]

1. d4 d5 2. c4 e6 3. Nc3 Nf6 4. Bg5 Be7 5. e3 c6 6. Nf3 Nbd7 7. Rc1 Qb6 8. Qc2
Bb4 9. Nd2 Qa5 10. Be2 Bxc3 11. bxc3 dxc4 12. Bxf6 Nxf6 13. Nxc4 Qc7 14. O-O
O-O 15. Bf3 b5 16. Ne5 Bb7 17. c4 Nd7 18. cxb5 Nxe5 19. dxe5 c5 20. Qxc5 Qxc5
21. Rxc5 Bxf3 22. gxf3 Rfd8 23. Rfc1 Kf8 24. Kf1 Rd7 25. Ke2 Ke7 26. a4 Rb8 27.
Rc7 Rb7 28. Rxb7 Rxb7 29. Rc6 Kd7 30. Kd3 Rc7 31. Rxc7+ Kxc7 32. Kc4 Kb6 33.
Kb4 Kc7 34. Kc5 Kd7 35. f4 f6 36. exf6 gxf6 37. e4 h6 38. h4 h5 39. e5 f5 40.
a5 Kc7 41. b6+ axb6+ 42. axb6+ Kd7 43. b7 Kc7 44. b8=Q+ Kxb8 45. Kd6 1-0

[Event "Aktiv-Alliancen 2001"]
[Site "Taastrup"]
[Date "2001.01.20"]
[Round "3"]
[White "Nielsen, Jens Holm"]
[Black "Nilsson, Nils Specht"]
[Result "0-1"]
[WhiteElo "2071"]
[BlackElo "2214"]
[PlyCount "102"]
[EventDate "2001.??.??"]

1. b4 e5 2. Bb2 f6 3. b5 d5 4. e3 Be6 5. c4 d4 6. exd4 exd4 7. Qf3 c5 8. Na3
Qb6 9. Ne2 Bd6 10. Nf4 Bxf4 11. Qxf4 Nd7 12. Qg3 Kf7 13. f4 Nh6 14. Be2 Nf5 15.
Qf3 h5 16. g3 Rhe8 17. O-O-O Nh6 18. h3 g6 19. Nc2 a6 20. a4 axb5 21. axb5 Bf5
22. Bd3 Bxd3 23. Qxd3 Qe6 24. Rde1 Qf5 25. Qf3 b6 26. Qg2 Rxe1+ 27. Rxe1 Re8
28. Rxe8 Kxe8 29. Kd1 Kd8 30. Qa8+ Ke7 31. Qg2 Nf7 32. Bc1 Nd6 33. Qe2+ Kd8 34.
g4 hxg4 35. Qxg4 Qd3 36. Ne1 Qb3+ 37. Ke2 Qxc4+ 38. Nd3 g5 39. h4 gxh4 40. Qxh4
Qxb5 41. Qh7 Kc7 42. Kf2 c4 43. Ne1 Qd5 44. d3 cxd3 45. Qxd3 Ne4+ 46. Kf1 Ndc5
47. Qd1 Ng3+ 48. Kf2 Nce4+ 49. Kg1 Nc3 50. Qc2 Qh1+ 51. Kf2 Nge4+ 0-1

[Event "Aktiv-Alliancen 2001"]
[Site "Taastrup"]
[Date "2001.01.20"]
[Round "3"]
[White "Theander, Stig"]
[Black "Zyde, Fadmal"]
[Result "1-0"]
[WhiteElo "1564"]
[BlackElo "1700"]
[PlyCount "140"]
[EventDate "2001.??.??"]

1. e4 e5 2. f4 exf4 3. Nf3 Nf6 4. e5 Qe7 5. d4 d6 6. Bxf4 Bg4 7. Nc3 dxe5 8.
Bxe5 Nbd7 9. Qe2 O-O-O 10. O-O-O a6 11. h3 Bxf3 12. gxf3 Qb4 13. f4 Qa5 14. Bg2
Nb6 15. Qf3 c6 16. Bxf6 gxf6 17. Qd3 Bb4 18. Kb1 Bxc3 19. Qxc3 Qxc3 20. bxc3
Rhe8 21. Rhe1 Nd5 22. Kc1 Nxc3 23. Rxe8 Rxe8 24. Rd2 Nxa2+ 25. Kb2 Nb4 26. Kb3
Nd5 27. Bxd5 cxd5 28. Kb4 b6 29. c4 dxc4 30. Kxc4 Re4 31. Kd5 Rxf4 32. Kd6 Kd8
33. d5 Re4 34. Rg2 Re8 35. Rg7 Rf8 36. Rxh7 a5 37. Rh4 b5 38. Rf4 a4 39. Rb4
Kc8 40. Rxb5 Rh8 41. Ra5 Rxh3 42. Rxa4 Rb3 43. Ra8+ Kb7 44. Rf8 Rb6+ 45. Kd7
Ka6 46. d6 Kb5 47. Rxf7 Rb7+ 48. Ke8 Rb8+ 49. Ke7 Kc6 50. Rxf6 Rh8 51. Rf7 Rg8
52. Rh7 Kb7 53. Kd7 Kb8 54. Re7 Kb7 55. Rf7 Rh8 56. Ke7 Kc6 57. d7 Kc7 58. Rg7
Rd8 59. Ke6 Kc6 60. Rg1 Rh8 61. Rc1+ Kb7 62. Rh1 Rd8 63. Ke7 Rg8 64. d8=Q Rxd8
65. Kxd8 Kc6 66. Rh6+ Kd5 67. Kd7 Ke5 68. Ra6 Kd5 69. Ra5+ Ke4 70. Kd6 Kf4 1-0

[Event "Aktiv-Alliancen 2001"]
[Site "Taastrup"]
[Date "2001.01.20"]
[Round "3"]
[White "Karlsen, Arne"]
[Black "Sandbech, Ted"]
[Result "1-0"]
[WhiteElo "2017"]
[BlackElo "1691"]
[PlyCount "115"]
[EventDate "2001.??.??"]

1. e4 d5 2. exd5 Qxd5 3. Nc3 Qa5 4. d4 c6 5. Bd2 Qc7 6. Bd3 Nf6 7. Nge2 Bg4 8.
f3 Bd7 9. Bf4 Qc8 10. O-O Bf5 11. Ne4 Nxe4 12. fxe4 Bg4 13. Qe1 Bxe2 14. Qxe2
Qd8 15. c3 e6 16. Be5 Nd7 17. Bg3 Be7 18. e5 O-O 19. Bf4 c5 20. Qe4 g6 21. Bh6
Re8 22. Qf4 f5 23. Bc4 Bf8 24. Bxf8 Nxf8 25. dxc5 Qc7 26. b4 Rac8 27. Rfd1 b6
28. Bb5 Red8 29. c6 Ra8 30. Ba4 a6 31. b5 Rxd1+ 32. Rxd1 axb5 33. Bxb5 Rxa2 34.
Qd4 Ra7 35. Qd6 Qc8 36. h3 Kg7 37. Qb4 Qc7 38. Rd6 Ra1+ 39. Kh2 Ra7 40. Qh4 Kg8
41. Bc4 Qf7 42. Qd8 Kg7 43. Qxb6 f4 44. Bxe6 Nxe6 45. Rxe6 Qxe6 46. Qxa7+ Kh6
47. Qd4 Qxc6 48. Qxf4+ Kg7 49. Qf6+ Qxf6 50. exf6+ Kxf6 51. Kg3 Ke5 52. Kg4 h6
53. h4 Kd5 54. h5 g5 55. c4+ Kd4 56. Kf5 Kxc4 57. Kg6 Kd4 58. Kxh6 1-0

[Event "Aktiv-Alliancen 2001"]
[Site "Taastrup"]
[Date "2001.01.20"]
[Round "3"]
[White "Jensen, Jan Kargaard"]
[Black "Simonsen, Per"]
[Result "0-1"]
[WhiteElo "1502"]
[BlackElo "1852"]
[PlyCount "80"]
[EventDate "2001.??.??"]

1. d4 Nf6 2. Nf3 e6 3. Nbd2 c5 4. g3 Nc6 5. c3 d5 6. Bg2 b6 7. O-O Be7 8. Ne5
Nxe5 9. dxe5 Nd7 10. f4 Bb7 11. e4 d4 12. cxd4 cxd4 13. Nb3 Ba6 14. Re1 d3 15.
Bd2 Rc8 16. Bc3 O-O 17. Qg4 Re8 18. f5 Rxc3 19. bxc3 Nxe5 20. Qh5 Bf6 21. Nd4
Qc7 22. fxe6 Qxc3 23. exf7+ Nxf7 24. Nb3 d2 25. Rf1 Bxf1 26. Rxf1 Qe3+ 27. Kh1
Rd8 28. Qd1 Ne5 29. h3 h6 30. Kh2 Rd3 31. Rf5 Nd7 32. Kh1 Qe1+ 33. Rf1 Qxg3 34.
Rf5 Qe3 35. Kh2 a5 36. Rd5 Qg3+ 37. Kh1 Rxd5 38. exd5 Qe3 39. Qf3 Qe1+ 40. Kh2
Be5+ 0-1

[Event "Aktiv-Alliancen 2001"]
[Site "Taastrup"]
[Date "2001.01.20"]
[Round "3"]
[White "Hau, Helge"]
[Black "Schmidt, Horst Hubert"]
[Result "0-1"]
[WhiteElo "1479"]
[BlackElo "2025"]
[PlyCount "52"]
[EventDate "2001.??.??"]

1. f4 d5 2. Nf3 c5 3. e3 Nf6 4. Ne5 Nc6 5. Be2 e6 6. O-O Bd6 7. d4 O-O 8. Nc3
a6 9. b3 Qe7 10. Bf3 cxd4 11. Nxc6 bxc6 12. exd4 c5 13. Be3 cxd4 14. Qxd4 Bd7
15. Kh1 Rac8 16. g4 Bc5 17. Qd2 Rfd8 18. Bf2 Bxf2 19. Rxf2 Qc5 20. Nd1 d4 21.
g5 Nd5 22. Bxd5 Qxd5+ 23. Kg1 Bc6 24. Kf1 Qh1+ 25. Ke2 Bb5+ 26. c4 dxc3+ 0-1

[Event "Aktiv-Alliancen 2001"]
[Site "Taastrup"]
[Date "2001.01.20"]
[Round "3"]
[White "Nielsen, Michael"]
[Black "Pedersen, Ole"]
[Result "1/2-1/2"]
[WhiteElo "1739"]
[BlackElo "1459"]
[PlyCount "60"]
[EventDate "2001.??.??"]

1. e4 c5 2. Nf3 Nc6 3. d4 cxd4 4. Nxd4 g6 5. Be3 Bg7 6. c4 d6 7. Nc3 a6 8. Rc1
Nf6 9. Be2 O-O 10. O-O Nxd4 11. Bxd4 Nd7 12. f4 Bxd4+ 13. Qxd4 Qb6 14. Qxb6
Nxb6 15. Nd5 Nxd5 16. cxd5 b5 17. e5 dxe5 18. fxe5 Ra7 19. Rc3 Rd7 20. Bg4 Rdd8
21. Bxc8 Rxc8 22. Kf2 Rfd8 23. Rd1 Kg7 24. Rd4 f6 25. e6 f5 26. Ke3 h5 27. Rdd3
Kf6 28. Kd4 Rh8 29. Rd2 Rxc3 30. bxc3 Rc8 1/2-1/2

[Event "Aktiv-Alliancen 2001"]
[Site "Taastrup"]
[Date "2001.01.20"]
[Round "3"]
[White "Pedersen, Bent O"]
[Black "Leopold, Claus Ulrich"]
[Result "1-0"]
[WhiteElo "1696"]
[BlackElo "1296"]
[PlyCount "81"]
[EventDate "2001.??.??"]

1. e4 e5 2. Nf3 Nc6 3. Bb5 d6 4. d4 Bd7 5. d5 Nb8 6. Bxd7+ Nxd7 7. Nc3 Ngf6 8.
O-O Be7 9. Qe2 a6 10. Be3 O-O 11. h3 Rc8 12. a4 c5 13. dxc6 Rxc6 14. Rfd1 Qa5
15. Bd2 Qb6 16. a5 Qc7 17. Ne1 b5 18. axb6 Qxb6 19. Nd3 Ra8 20. Ra4 Nc5 21. Be3
Qb7 22. Bxc5 dxc5 23. Nxe5 Re6 24. Nd3 Bd6 25. f4 Qb6 26. Qf3 Rd8 27. e5 c4+
28. Nf2 Bc5 29. exf6 gxf6 30. Rxd8+ Qxd8 31. Rxc4 Qb6 32. Nce4 Bxf2+ 33. Nxf2
f5 34. Rc8+ Kg7 35. Qc3+ Kh6 36. Qc5 Qxb2 37. Qxf5 Qc1+ 38. Kh2 Rg6 39. Ng4+
Kg7 40. Qe5+ Rf6 41. Qxf6# 1-0

[Event "Aktiv-Alliancen 2001"]
[Site "Taastrup"]
[Date "2001.01.20"]
[Round "3"]
[White "Jensen, Dan Bronnum"]
[Black "Holtzmann, Sonny"]
[Result "1-0"]
[WhiteElo "1364"]
[BlackElo "1665"]
[PlyCount "115"]
[EventDate "2001.??.??"]

1. c4 Nf6 2. Nc3 d5 3. cxd5 Nxd5 4. Nf3 g6 5. g3 b6 6. Bg2 Bb7 7. O-O Bg7 8.
Nxd5 Qxd5 9. Ne1 Qb5 10. Bxb7 Nd7 11. Bxa8 c6 12. a4 Qd5 13. Qc2 Nc5 14. Ra3
O-O 15. Bxc6 Qxc6 16. b4 Rc8 17. bxc5 e5 18. Nd3 Qe4 19. Re1 bxc5 20. f3 Qd4+
21. Kg2 e4 22. Nf2 f5 23. e3 exf3+ 24. Kh1 Qb4 25. Qb3+ Qxb3 26. Rxb3 c4 27.
Rb7 c3 28. d4 Re8 29. Rxa7 Bxd4 30. Rd7 Bb6 31. Rb7 Re6 32. Rxb6 Rxb6 33. Nd1
c2 34. Nf2 Rb1 35. Kg1 g5 36. e4 Kf7 37. exf5 h5 38. h3 g4 39. hxg4 hxg4 40.
Nxg4 Rb4 41. Ne5+ Kf6 42. Nxf3 Rxa4 43. Re2 Rc4 44. Kf2 Kxf5 45. Ne1 Kg4 46.
Rxc2 Rxc2+ 47. Nxc2 Kh5 48. Kf3 Kg6 49. Kg4 Kf6 50. Kh5 Kg7 51. g4 Kh7 52. g5
Kg7 53. Bb2+ Kh7 54. Bc1 Kg7 55. g6 Kh8 56. Bb2+ Kg8 57. Kh6 Kf8 58. Kh7 1-0

[Event "Aktiv-Alliancen 2001"]
[Site "Taastrup"]
[Date "2001.01.20"]
[Round "3"]
[White "Lauritsen, Martin Lee"]
[Black "Foslund, Peter"]
[Result "0-1"]
[WhiteElo "1166"]
[BlackElo "1649"]
[PlyCount "148"]
[EventDate "2001.??.??"]

1. e4 c5 2. d4 cxd4 3. c3 dxc3 4. Nxc3 d6 5. Bc4 Nc6 6. Nf3 Nf6 7. e5 dxe5 8.
Qxd8+ Nxd8 9. Nxe5 a6 10. a4 e6 11. O-O Be7 12. Be3 O-O 13. Rfd1 Nc6 14. f4
Nxe5 15. fxe5 Ng4 16. Bd4 Bg5 17. Re1 Rd8 18. Bb6 Re8 19. Rad1 Bf4 20. Bd4
Bxh2+ 21. Kh1 Bg3 22. Re2 h5 23. Rf1 Bd7 24. Rf3 Bh4 25. Kg1 g6 26. Ne4 Bc6 27.
Rh3 Be7 28. Nd6 Bxd6 29. exd6 b5 30. Bd3 Red8 31. Bc5 bxa4 32. Be4 Rac8 33. Rc3
Nf6 34. Bxc6 Rxc6 35. g3 Nd7 36. Bb4 Rxc3 37. bxc3 Rc8 38. Rc2 Rc4 39. Kf2 Kf8
40. Ke3 Ke8 41. Rb2 Nc5 42. Re2 Kd7 43. Bxc5 Rxc5 44. Kd4 Rd5+ 45. Kc4 Rxd6 46.
Rf2 f5 47. Kb4 Rd3 48. Rg2 a3 49. Kxa3 Rxc3+ 50. Kb4 Rd3 51. Rg1 e5 52. Kc4 e4
53. Rg2 Ke6 54. Rg1 Kf6 55. Rg2 Kg5 56. Rg1 Kg4 57. Ra1 Rxg3 58. Rxa6 Kh3 59.
Kd4 e3 60. Kd3 f4 61. Rf6 g5 62. Ke2 Rg2+ 63. Kf1 h4 64. Rh6 Kg3 65. Rg6 Kf3
66. Re6 h3 67. Rh6 g4 68. Rh4 e2+ 69. Ke1 Rg1+ 70. Kd2 e1=Q+ 71. Kc2 Qe3 72.
Rh5 Rg2+ 73. Kd1 Qd3+ 74. Ke1 Qb1# 0-1

[Event "Aktiv-Alliancen 2001"]
[Site "Taastrup"]
[Date "2001.01.20"]
[Round "3"]
[White "Holst, Thorsten"]
[Black "Bekker Jensen, Dorte"]
[Result "0-1"]
[WhiteElo "1535"]
[BlackElo "1217"]
[PlyCount "132"]
[EventDate "2001.??.??"]

1. e4 c5 2. Nf3 d6 3. Bb5+ Bd7 4. Bxd7+ Qxd7 5. O-O Nc6 6. c3 g6 7. d4 cxd4 8.
cxd4 Bg7 9. Re1 Rc8 10. Nc3 Nf6 11. h3 O-O 12. e5 dxe5 13. dxe5 Qxd1 14. Rxd1
Ne8 15. Bf4 Nc7 16. Rd7 Ne6 17. Bg3 Nc5 18. Rd2 a6 19. Rad1 Rfd8 20. Rxd8+ Rxd8
21. Rxd8+ Nxd8 22. b4 Nd7 23. b5 axb5 24. Nxb5 Nc6 25. e6 fxe6 26. Ng5 Nc5 27.
Nc7 Nd4 28. Kf1 h6 29. Nf3 Nxf3 30. gxf3 Kf7 31. Bf4 Nd3 32. Be3 h5 33. a4 Be5
34. Nb5 Nb2 35. a5 Nc4 36. Bd4 Bxd4 37. Nxd4 Nxa5 38. f4 Nc6 39. Nb5 e5 40.
fxe5 Nxe5 41. Ke2 Kf6 42. f4 Nc6 43. Ke3 Kf5 44. Kf3 g5 45. fxg5 Kxg5 46. Kg3
h4+ 47. Kf3 Kf5 48. Ke3 b6 49. Kf3 Ne5+ 50. Ke3 Ng6 51. Nd4+ Ke5 52. Nf3+ Kd5
53. Kd3 e5 54. Ke3 b5 55. Nd2 b4 56. Nb3 Kc4 57. Na5+ Kc3 58. Ke4 b3 59. Nxb3
Kxb3 60. Ke3 Kc3 61. Ke4 Kc4 62. Ke3 Kd5 63. Kf3 Kd4 64. Kf2 e4 65. Ke1 Ke3 66.
Kf1 Kd2 0-1

[Event "Aktiv-Alliancen 2001"]
[Site "Taastrup"]
[Date "2001.01.20"]
[Round "3"]
[White "Nikolaisen, Oluf"]
[Black "Madhy, Nezar"]
[Result "0-1"]
[WhiteElo "1311"]
[BlackElo "1650"]
[PlyCount "64"]
[EventDate "2001.??.??"]

1. e4 c5 2. Nc3 Nc6 3. Nf3 g6 4. a3 Bg7 5. Bc4 e6 6. Ne2 Nge7 7. c3 d5 8. exd5
exd5 9. Bb5 O-O 10. Bxc6 Nxc6 11. d4 c4 12. O-O Bg4 13. Ng3 Re8 14. h3 Bd7 15.
Be3 Na5 16. Nd2 Qc7 17. Qf3 Bc6 18. h4 Re6 19. h5 Rf6 20. Qe2 Re8 21. Rae1 Bh6
22. Nf3 Bxe3 23. h6 Qxg3 24. fxe3 Bd7 25. Ne5 Rxf1+ 26. Rxf1 Bf5 27. Rf3 Qg5
28. Qf2 Qxh6 29. g4 Rxe5 30. dxe5 Be4 31. Kf1 Qh1+ 32. Ke2 Bd3+ 0-1

[Event "Aktiv-Alliancen 2001"]
[Site "Taastrup"]
[Date "2001.01.20"]
[Round "3"]
[White "Carlsen, Tonny"]
[Black "Thomsen, Viggo"]
[Result "1-0"]
[WhiteElo "1443"]
[BlackElo "1537"]
[PlyCount "55"]
[EventDate "2001.??.??"]

1. d4 e5 2. dxe5 Nc6 3. Nf3 Qe7 4. Nc3 Nxe5 5. Nxe5 Qxe5 6. Qd3 c6 7. f4 Qc7 8.
e4 Bb4 9. Bd2 b6 10. Be2 Bb7 11. O-O Bxc3 12. Bxc3 f6 13. Rad1 O-O-O 14. e5 Ne7
15. exf6 Nd5 16. fxg7 Rhg8 17. f5 Nf4 18. Qf3 Nxe2+ 19. Qxe2 Rde8 20. Qd3 d5
21. f6 Qf7 22. Qf5+ Kd8 23. Rde1 c5 24. Bd2 Rxe1 25. Rxe1 Rxg7 26. fxg7 Qxf5
27. g8=Q+ Kc7 28. Re7+ 1-0

[Event "Aktiv-Alliancen 2001"]
[Site "Taastrup"]
[Date "2001.01.20"]
[Round "3"]
[White "Tolstrup, Thomas"]
[Black "Madsen, Ole Bang"]
[Result "1-0"]
[WhiteElo "1948"]
[BlackElo "1413"]
[PlyCount "55"]
[EventDate "2001.??.??"]

1. c4 Nf6 2. Nf3 e6 3. g3 d5 4. d4 Bb4+ 5. Nbd2 dxc4 6. Bg2 O-O 7. O-O b5 8. a4
Ba6 9. axb5 Bxb5 10. Ne5 c6 11. Ndxc4 Ne8 12. Qb3 a5 13. Be3 Nd6 14. Nxd6 Qxd6
15. Nd3 Bxd3 16. Qxd3 Rc8 17. Rfc1 Qd7 18. Rc4 Qb7 19. Rac1 Qb5 20. Qc2 Bd6 21.
Bf4 g6 22. Bh6 Ra6 23. h4 f5 24. Bf3 Qb7 25. d5 Qb5 26. Qc3 Bf8 27. Bxf8 Kxf8
28. Qf6+ 1-0

[Event "Aktiv-Alliancen 2001"]
[Site "Taastrup"]
[Date "2001.01.20"]
[Round "3"]
[White "Helleberg, Jorgen"]
[Black "Hansen, Alexei"]
[Result "1/2-1/2"]
[WhiteElo "1453"]
[BlackElo "1095"]
[PlyCount "105"]
[EventDate "2001.??.??"]

1. d4 d5 2. Nf3 Nf6 3. Bf4 Bg4 4. e3 e6 5. Be2 Bd6 6. Bg3 O-O 7. O-O Ne4 8. Be5
Nc6 9. Bxd6 Qxd6 10. c4 b6 11. Nbd2 Bxf3 12. Nxf3 Rfd8 13. cxd5 exd5 14. a3
Rac8 15. Rc1 Ne7 16. Ba6 Rb8 17. Bd3 Ng6 18. Qa4 a5 19. Rc6 Qe7 20. Rfc1 Rbc8
21. Ba6 Ra8 22. Rxc7 Qf6 23. Bd3 Ne7 24. Be2 g5 25. h3 h5 26. Bd3 g4 27. hxg4
Nxf2 28. g5 Nh3+ 29. Kh2 Nxg5 30. Qd1 Nf5 31. Bxf5 Qxf5 32. Nxg5 Qxg5 33. Qf3
Qg6 34. R7c6 Rd6 35. Rxd6 Qxd6+ 36. g3 Re8 37. Qxh5 Kg7 38. Qg5+ Qg6 39. Qxg6+
fxg6 40. Re1 Kf6 41. Kg2 Kf5 42. Rf1+ Ke4 43. Rf6 Kxe3 44. Rxb6 Kxd4 45. Kf2
Rf8+ 46. Ke2 g5 47. Rb5 Ra8 48. Kd2 Ra6 49. Rb3 Rf6 50. Rd3+ Kc4 51. Rc3+ Kd4
52. Rd3+ Kc4 53. Rc3+ 1/2-1/2

[Event "Aktiv-Alliancen 2001"]
[Site "Taastrup"]
[Date "2001.01.20"]
[Round "3"]
[White "Foslund, Kasper"]
[Black "Nielsen, Richard Hjort"]
[Result "1-0"]
[WhiteElo "1381"]
[BlackElo "1453"]
[PlyCount "77"]
[EventDate "2001.??.??"]

1. e4 c5 2. Nf3 Nc6 3. d4 cxd4 4. Nxd4 Nf6 5. Nc3 d6 6. f3 g6 7. Be3 Bg7 8. Be2
O-O 9. O-O a6 10. a4 Bd7 11. Qd2 Qc7 12. Nd1 Ne5 13. c3 Rac8 14. Bf2 Nc4 15.
Bxc4 Qxc4 16. Ne3 Qc7 17. Rfc1 Bh6 18. Rd1 Rfd8 19. Qe2 Bc6 20. c4 e6 21. b3
Bg7 22. Nxc6 Qxc6 23. Ra2 d5 24. cxd5 exd5 25. Rc2 Qe6 26. Rxc8 Rxc8 27. exd5
Qe5 28. Bg3 Qc3 29. Rd3 Qa1+ 30. Kf2 Nh5 31. d6 Bd4 32. Qd2 Bb6 33. d7 Rd8 34.
Rc3 Nxg3 35. hxg3 Qa3 36. Kf1 Qa1+ 37. Ke2 Ba5 38. Rc8 Qe5 39. f4 1-0